E commerce / (Record no. 52810)

MARC details
000 -LEADER
fixed length control field 00550nam a2200217Ia 4500
005 - DATE AND TIME OF LATEST TRANSACTION
control field 20260429112205.0
008 - FIXED-LENGTH DATA ELEMENTS--GENERAL INFORMATION
fixed length control field 260429s9999||||xx |||||||||||||| ||und||
020 ## - INTERNATIONAL STANDARD BOOK NUMBER
International Standard Book Number 9788180940712
041 ## - LANGUAGE CODE
Language English
082 ## - DEWEY DECIMAL CLASSIFICATION NUMBER
Classification number 658.872
Item number MAN
100 ## - MAIN ENTRY--PERSONAL NAME
Personal name Mann, Puja Walia
245 #0 - TITLE STATEMENT
Title E commerce /
Statement of responsibility, etc Puja Walia Mann
250 ## - EDITION STATEMENT
Edition statement 1st ed.
260 ## - PUBLICATION, DISTRIBUTION, ETC. (IMPRINT)
Place of publication, distribution, etc Chennai :
Name of publisher, distributor, etc MJP Publishers ,
Date of publication, distribution, etc 2023.
300 ## - PHYSICAL DESCRIPTION
Extent 389 p.; pbk
650 ## - SUBJECT ADDED ENTRY--TOPICAL TERM
Topical term or geographic name as entry element Digital business
650 ## - SUBJECT ADDED ENTRY--TOPICAL TERM
Topical term or geographic name as entry element Online marketing
650 ## - SUBJECT ADDED ENTRY--TOPICAL TERM
Topical term or geographic name as entry element Electronic commerce
700 ## - ADDED ENTRY--PERSONAL NAME
Personal name Nidhi
942 ## - ADDED ENTRY ELEMENTS (KOHA)
Koha item type Text Books
Holdings
Withdrawn status Lost status Damaged status Not for loan Collection code Home library Location Shelving location Date of Cataloging Source of acquisition Total Checkouts Full call number Barcode Date last seen Price effective from Koha item type
        Non-fiction CUTN Central Library CUTN Central Library Medicine, Technology & Management 29/04/2026 Tamilnadu Book House, Chennai - Invoice No. IN/73 on 17-02-2026   658.872 MAN 57932 29/04/2026 29/04/2026 Text Books